Vencederos y vencidos /
Saved in:
| Format: | Book |
|---|---|
| Published: |
Buenos Aires :
Capricornio,
1965.
|
| LEADER | 00333nam a22001097a 4500 | ||
|---|---|---|---|
| 003 | AR-BeUNQ | ||
| 005 | 20240321151223.0 | ||
| 999 | |c 29501 |d 113301 | ||
| 245 | |a Vencederos y vencidos / |c Bernardo Kordon. |b | ||
| 260 | |a Buenos Aires : |b Capricornio, |c 1965. | ||
| 929 | |a DONACION |b Pedro Kanof |d 80,00 |e 20171204 |g 3328 |h 1 |o PR |f PAT0068769 |l Estante K | ||
| 942 | |c LIB |n 0 | ||